000 00409nam a2200145Ia 4500
008 100204s9999 xx 000 0 und d
082 _b8716
100 _aलागू चिंतामणी
245 _aशलाका
260 _b"दिलिप प्रकाशन , मुंबई"
_c1986
300 _a188
630 _aशलाका
730 _aशलाका
942 _cBOOK
999 _c453152
_d453149